00217nam a2200085Ia 4500008004100000100002000041245004500061260000900106650001600115190216s9999||||xx |||||||||||||| ||und|| aWeatherburn C E 2aA First Course In Mathematical Statitics bNull aMathematics